Países del mundo en Plague Inc. - Estadísticas

Estadísticas generales
  • Esta prueba ha sido intentada 595 veces
  • La puntuación promedio es 45 de 58
Respuestas en el mapa
Las respuestas están codificadas por una escala verde-roja en el mapa de la prueba según el % correcto abajo.
 
Estadísticas de respuestas
País % Correcto
Estados Unidos
97%
Canadá
96%
México
96%
Rusia
96%
China
95%
Argentina
94%
Brasil
94%
España
94%
Francia
93%
Perú
92%
Alemania
91%
Australia
91%
Bolivia
91%
Colombia
91%
India
91%
Italia
91%
Reino unido
90%
Japón
89%
Sudáfrica
89%
Indonesia
88%
Corea
87%
Egipto
87%
Islandia
87%
Marruecos
87%
Noruega
87%
Suecia
87%
Turquía
87%
Finlandia
86%
Ucrania
86%
Arabia Saudita
85%
Polonia
85%
Kazajistán
84%
Madagascar
84%
Argelia
83%
Iran
83%
Nueva Zelanda
83%
Libia
82%
Irak
81%
Filipinas
80%
Sudán
80%
Pakistán
78%
Afganistán
77%
Groenlandia
74%
Angola
72%
Botsuana
68%
Zimbabue
67%
Caribe
60%
África Central
56%
América Central
45%
África Occidental
44%
África Oriental
44%
Estados balcánicos
43%
Nueva guinea
43%
Europa Central
42%
Estados bálticos
39%
Asia Central
33%
Sudeste Asiático
27%
Oriente Medio
25%
No se encontraron pruebas coincidentes
Distribución de puntuación
Porcentaje de gente con cada puntuación
Porcentaje por número respondido
Historial de tus puntuaciones
No has intentado esta prueba.